• 首页
  • 本馆介绍
  • 公告通知
  • 最新文献
  • 馆藏检索
  • 电子资源
  • 读者导购
  • 参考咨询
  • 我的图书馆
  • 登录
  • 详细信息显示
  • 放入我的书架
  • 预约/预借图书
  • 作者相关作品
  • 分类相关作品
  • 丛书相关作品
  • 出版社相关作品

书目信息

  • 表格格式
  • 工作单格式
  • 卡片格式
题名:
毛姆写作回忆录
    
 
作者: 毛姆 著 ;陈苍多 译
分册:  
出版信息: 成都   四川文艺出版社  2019.8
页数: 307页
开本: 19cm
丛书名:
单 册:
中图分类: K835.615.6
科图分类:
主题词:
电子资源:
ISBN: 978-7-5411-5426-3
000 00995nam0 2200253 450
001 2159560457
005 20211011172912.0
010    @a978-7-5411-5426-3@b精装@dCNY49.00
100    @a20190921d2019 em y0chiy50 ea
101 1  @achi@ceng
102    @aCN@b510000
105    @ay z 000zd
106    @ar
200 1  @a毛姆写作回忆录@Amao mu xie zuo hui yi lu@dThe summing up@f(英)毛姆(W. Somerset Maugham)著@g陈苍多译@zeng
210    @a成都@c四川文艺出版社@d2019.8
215    @a307页@d19cm
330    @a本书是一部解放毛姆灵魂之作,更是他性情、信念的畅快表达。毛姆一边回顾、感慨自己的人生经历、写作生涯,一面畅谈对文学、艺术、戏剧、宗教与哲学思考。
510 1  @aThe summing up@zeng
600  0 @a毛姆@Amao mu@c(Maugham, William Somerset@f1874-1965)@x回忆录
690    @aK835.615.6@v5
701  0 @c(英)@a毛姆@Amao mu@c(Maugham, William Somerset@f1874-1965)@4著
702  0 @a陈苍多@Achen cang duo@f(1942-)@4译
801  0 @aCN@b百万庄@c20211011
905    @b1308888-891@dK835.615.6@e1185@f4
    
    毛姆写作回忆录=The summing up/(英)毛姆(W. Somerset Maugham)著/陈苍多译.-成都:四川文艺出版社,2019.8
    307页;19cm
    
    
    ISBN 978-7-5411-5426-3(精装):CNY49.00
    本书是一部解放毛姆灵魂之作,更是他性情、信念的畅快表达。毛姆一边回顾、感慨自己的人生经历、写作生涯,一面畅谈对文学、艺术、戏剧、宗教与哲学思考。
●
相关链接 在E读中查询图书 在五车中查询图书 在当当中查询图书 在豆瓣中查询图书


正题名:毛姆写作回忆录     索取号:K835.615.6/1185         预约/预借

序号 登录号 条形码 馆藏地/架位号 状态 备注
1 1308888   213088889   第二样本阅览室/ [索取号:K835.615.6/1185] 在馆    
2 1308889   213088898   第二借阅区/ [索取号:K835.615.6/1185] 在馆    
3 1308890   213088905   第二借阅区/ [索取号:K835.615.6/1185] 在馆    
4 1308891   213088914   第二借阅区/ [索取号:K835.615.6/1185] 在馆    
唐山师范学院图书馆 欢迎您!
大连网信软件有限公司© 版权所有